Organizational Behaviour MBA 102 (Record no. 384)

MARC details
000 -LEADER
fixed length control field 00384nam a22001577a 4500
005 - DATE AND TIME OF LATEST TRANSACTION
control field 20160430115612.0
008 - FIXED-LENGTH DATA ELEMENTS--GENERAL INFORMATION
fixed length control field 160430b xxu||||| |||| 00| 0 eng d
041 ## - LANGUAGE CODE
Language code of text/sound track or separate title eng
082 ## - DEWEY DECIMAL CLASSIFICATION NUMBER
Item number 1054
100 ## - MAIN ENTRY--AUTHOR NAME
Personal name Punjab Technical University
245 ## - TITLE STATEMENT
Title Organizational Behaviour MBA 102
260 ## - PUBLICATION, DISTRIBUTION, ETC. (IMPRINT)
Place of publication New Delhi
Name of publisher Excel Books,
300 ## - PHYSICAL DESCRIPTION
Number of Pages 213
650 ## - SUBJECT ADDED ENTRY--TOPICAL TERM
Topical Term Management
942 ## - ADDED ENTRY ELEMENTS (KOHA)
Koha item type Books
Holdings
Lost status Damaged status Home library Date acquired Full call number Accession Number Koha item type
    JRU Library 30/04/2016 1054 1054 Books